Statistics for Most Remote Capital Cities

Click here to take the quiz!

General Stats

  • This quiz has been taken 34,330 times
  • The average score is 10 of 21

Answer Stats

DistanceNearest OtherContinentCapital% Correct
2,324 kmWellingtonOceaniaCanberra
86%
2,324 kmCanberraOceaniaWellington
85%
1,152 kmSeoulAsiaTokyo
73%
1,463 kmAsuncionAmericasBrasilia
70%
1,493 kmDublinEuropeReykjavik
69%
1,138 kmBuenos AiresAmericasSantiago
67%
1,167 kmBeijingAsiaUlaanbaatar
65%
1,059 kmGuatemala CityAmericasMexico City
60%
1,163 kmTaipeiAsiaManila
58%
1,076 kmLa PazAmericasLima
53%
1,396 kmHoniaraOceaniaPort Moresby
47%
1,076 kmLimaAmericasLa Paz
41%
1,163 kmManilaAsiaTaipei
41%
1,903 kmBandar Seri BegawanAsiaDili
33%
1,073 kmSuvaOceaniaFunafuti
31%
1,343 kmMogadishuAfricaVictoria
31%
1,073 kmSuvaOceaniaPort Vila
30%
1,253 kmYarenOceaniaHoniara
29%
1,684 kmManilaOceaniaNgerulmud
28%
1,277 kmYarenOceaniaPalikir
27%
1,263 kmManilaAsiaBandar Seri Begawan
18%

Score Distribution

Percentile by Number Answered

Percent of People with Each Score

Your Score History

You have not taken this quiz